Self-sustained low pressure glow discharge with a hollow cathode at currents of tens of amperes; Plasma Physics Reports; Vol. 38, № 7

Detalles Bibliográficos
Parent link:Plasma Physics Reports.— , 2000-
Vol. 38, № 7.— 2012.— [P. 585-589]
Otros Autores: Lopatin I. V., Schanin P. M., Akhmadeev Y. H., Astashinskii S. S., Koval N. N. Nikolay Nikolaevich
Sumario:Title screen
Self-sustained glow discharge with a hollow cathode was studied at high discharge currents (up to 30 A). Using a grid analyzer placed on the side flange of the hollow cathode, the ion and electron currents flowing in the cathode sheath were measured. At a discharge current of 30 A, pressure of 0.2–2 Pa, and plasma density of 1011 cm-3, the coefficient of secondary ion-electron emission ? calculated from the experimental data is found to be 0.1–0.15. The dependences of the plasma parameters on the area of the small anode placed inside the larger hollow cathode are determined.
Режим доступа: по договору с организацией-держателем ресурса
Lenguaje:inglés
Publicado: 2012
Materias:
Acceso en línea:http://dx.doi.org/10.1134/S1063780X12060050
Formato: Electrónico Capítulo de libro
KOHA link:https://koha.lib.tpu.ru/cgi-bin/koha/opac-detail.pl?biblionumber=649090

MARC

LEADER 00000naa0a2200000 4500
001 649090
005 20250228110755.0
035 |a (RuTPU)RU\TPU\network\14251 
035 |a RU\TPU\network\14243 
090 |a 649090 
100 |a 20160620d2012 k||y0rusy50 ba 
101 1 |a eng 
181 0 |a i  
182 0 |a b 
200 1 |a Self-sustained low pressure glow discharge with a hollow cathode at currents of tens of amperes  |f I. V. Lopatin [et al.] 
203 |a Text  |c electronic 
300 |a Title screen 
320 |a [References: p. 589 (10 tit.)] 
330 |a Self-sustained glow discharge with a hollow cathode was studied at high discharge currents (up to 30 A). Using a grid analyzer placed on the side flange of the hollow cathode, the ion and electron currents flowing in the cathode sheath were measured. At a discharge current of 30 A, pressure of 0.2–2 Pa, and plasma density of 1011 cm-3, the coefficient of secondary ion-electron emission ? calculated from the experimental data is found to be 0.1–0.15. The dependences of the plasma parameters on the area of the small anode placed inside the larger hollow cathode are determined. 
333 |a Режим доступа: по договору с организацией-держателем ресурса 
461 |t Plasma Physics Reports  |d 2000- 
463 |t Vol. 38, № 7  |v [P. 585-589]  |d 2012 
610 1 |a труды учёных ТПУ 
610 1 |a электронный ресурс 
701 1 |a Lopatin  |b I. V. 
701 1 |a Schanin  |b P. M. 
701 1 |a Akhmadeev  |b Y. H. 
701 1 |a Astashinskii  |b S. S. 
701 1 |a Koval  |b N. N.  |c specialist in the field of electronics  |c Professor of Tomsk Polytechnic University, Doctor of technical sciences  |f 1948-  |g Nikolay Nikolaevich  |3 (RuTPU)RU\TPU\pers\34748  |9 18098 
801 1 |a RU  |b 63413507  |c 20130131 
801 2 |a RU  |b 63413507  |c 20161020  |g RCR 
856 4 0 |u http://dx.doi.org/10.1134/S1063780X12060050 
942 |c CF